Bienvenue à la Médiathèque de Saint-Andiol
banniere
Accueil Recherche avancée Mon compte
handi1 Rechercher dans le catalogue

Filtre   Mots-clés
  Recherche avancée
 
Lister les dernières nouveautés
 
Lister les livres GROS CARACTERES
 
Lister les périodiques (magazines)

handi1 Coin de parapluie (Un)

Book Cover
Auteur principal : Sylvie Baron
Titre : Coin de parapluie (Un)
Support : Livres
Langue : Francais
Publié : 2020 Calmann-Lévy Paris
Genre : Roman
Collection : Territoires
Sujets :
Étiquettes :
Pas de tags
LEADER 01569nam0a2200205 450
001 16868249
010 |a 978-2-7021-6174-6  |b br.  |d 19,5 € 
100 |a 20191016d2020 u u0frey01 ba 
101 0 |a fre 
102 |a FR 
200 0 |a Coin de parapluie (Un)  |f Sylvie Baron 
207 1 |a   
210 |a Paris  |b 3 Rue Auber.  |c Calmann-Lévy  |d 2020 
215 |a 1 vol. (390 p.)  |d 22 x 14 cm 
225 1 |a Territoires  |x 2116-1259 
330 |a A Vic-sur-Cère dans le Cantal, la villa Médard en impose par son élégance, ses secrets bien gardés, ses vies forgées autour de l’industrie du parapluie et d’une femme d’affaires exceptionnelle, Hélène Vitarelle. Remarquable dirigeante, au tempérament violent et à l’amour exclusif, elle fait trembler le personnel, plier sa famille, courber les échines. Son assassinat est un coup de tonnerre. Tout accuse son gendre, Jacques Naucelle, qui se suicide en prison, signant ainsi l’aveu de sa culpabilité. La seule à être persuadée de son innocence est sa maîtresse, Nina. La jeune femme ne voit qu’une personne capable de faire éclater la vérité : sa tante Joséfa. Bien que dubitative, celle-ci se laisse convaincre par sa nièce de se faire embaucher comme domestique dans la famille Vitarelle pour mener sa propre enquête. Fine mouche sous ses rondeurs avenantes, Joséfa va mettre à nu les rouages d’une diabolique machination. 
700 0 |a Baron  |b Sylvie  |4 70 
900 |a Roman 
901 |a Adultes 
995 |a Médiathèque  |c Médiathèque  |f 00156008714073  |h 00156008714073  |k RP BAR  |o p  |q a  |r az  |e MédiathèqueÂ